[Event "BL 0405 (Women)"]
[Site "Germany"]
[Date "2004.11.07"]
[Round "2.4"]
[White "Lakos, Nikoletta"]
[Black "Goehler, Antje"]
[Result "1/2-1/2"]
[WhiteElo "2350"]
[BlackElo "2158"]
[PlyCount "48"]
[EventDate "2004.11.06"]
[EventType "team-tourn"]
[EventRounds "11"]
[EventCountry "GER"]
[SourceTitle "EXT 2006"]
[Source "ChessBase"]
[SourceDate "2005.11.24"]
[SourceVersion "1"]
[SourceVersionDate "2005.11.24"]
[SourceQuality "1"]
[WhiteTeam "Halle (W)"]
[BlackTeam "Pankow (W)"]
[WhiteTeamCountry "GER"]
[BlackTeamCountry "GER"]

1. e4 c5 2. Nf3 d6 3. d4 cxd4 4. Nxd4 Nf6 5. Nc3 a6 6. g3 e5 7. Nb3 Be7 8. Bg2 0-0 9. 0-0 Be6 10. h3 Nbd7 11. f4 b5 12. Nd5 Bxd5 13. exd5 Rc8 14. a4 Qc7 15. c3 b4 16. cxb4 Qb6+ 17. Kh2 Qxb4 18. Bd2 Qb6 19. Na5 Nb8 20. b4 e4 21. Qb3 Qd4 22. Rad1 Qxd5 23. Qxd5 Nxd5 24. Bxe4 Nb6 1/2-1/2